000 00625nam a2200241Ia 4500
005 20260320201212.0
008 008 262003s9999 xx 000 0 eng d
037 _aEBOOK
040 _aCRL
040 _beng
040 _cCRL
041 _2eng
041 _aeng
084 _qCRL
100 _aO'Neill
245 0 _aWhat Matters Next: A Leader's Guide to Making Human-Friendly Tech Decisions in a World That's Moving Too Fast
260 _bIEEE
260 _c2025
856 _uhttps://ieeexplore.ieee.org/servlet/opac?bknumber=10950346
942 _cEBOOK
999 _c1719654
_d1719654